Theologiae moralis summa
Gespeichert in:
| Format: | Buch |
|---|---|
| Sprache: | Latein |
| Veröffentlicht: |
Madrid
BAC
1952
|
| Schriftenreihe: | Biblioteca de Autores Cristianos
|
| Schlagworte: | |
| Tags: |
Tag hinzufügen
Keine Tags, Fügen Sie den ersten Tag hinzu!
|
MARC
| LEADER | 00000nam a2200000 a 4500 | ||
|---|---|---|---|
| 001 | UCK4828 | ||
| 003 | CL-VaPUC | ||
| 008 | 050624e19520000SP |||||||||||||||||lat|d | ||
| 082 | 0 | 4 | |a 241 |b THE |2 21 |
| 245 | 1 | 0 | |a Theologiae moralis summa |
| 300 | |a v | ||
| 942 | |c BK | ||
| 945 | |d 20050624 00:00:00 |a cmena | ||
| 260 | |a Madrid |b BAC |c 1952 | ||
| 500 | |a v.1: Theologia moralis fundamentalis. Tractatus de virtutibus theologicis | ||
| 650 | 0 | |a Teología moral |9 256617 | |
| 650 | 0 | |a Vida cristiana |9 258753 | |
| 650 | 0 | |a Comportamiento moral |9 334569 | |
| 583 | |a last modification |c 20050624 00:00:00 |k Rodrigo Vera | ||
| 490 | 0 | |a Biblioteca de Autores Cristianos | |
| 999 | |c 313571 |d 313569 | ||
| 952 | |0 0 |1 0 |4 0 |6 241_000000000000000_THE_1952 |7 0 |8 A |9 384989 |a BIBTEO |b BIBTEO |d 2019-11-22 |h v.1 |i 4109414 |o 241 THE 1952 |p 4109414 |r 2025-01-17 |w 2019-11-22 |y BK |k ICR | ||
| 952 | |0 0 |1 0 |4 0 |6 241_000000000000000_THE_1952 |7 0 |8 A |9 384990 |a BIBTEO |b BIBTEO |d 2019-11-22 |h v.1 |i 4109449 |o 241 THE 1952 |p 4109449 |r 2025-01-17 |w 2019-11-22 |y BK |k ICR | ||